[Event "Erfurt op Amateurs 29th"]
[Site "Erfurt"]
[Date "2019.12.29"]
[Round "6"]
[White "Hornung, Richard"]
[Black "Graf, Maria"]
[Result "1/2-1/2"]
[WhiteElo "1656"]
[BlackElo "1525"]
[PlyCount "107"]
[EventDate "2019.12.27"]
[EventType "swiss"]
[EventRounds "7"]
[EventCountry "GER"]
[SourceTitle "EXT 2021"]
[Source "ChessBase"]
[SourceDate "2020.10.23"]
[SourceVersion "1"]
[SourceVersionDate "2020.10.23"]
[SourceQuality "1"]

1. Nf3 d5 2. d4 Nf6 3. c3 e6 4. g3 Nbd7 5. Bg2 Bd6 6. 0-0 0-0 7. Re1 c6 8. Qc2 e5 9. dxe5 Nxe5 10. Nxe5 Bxe5 11. Bg5 h6 12. Be3 Re8 13. Nd2 Ng4 14. Bd4 Qf6 15. Nf3 Bxd4 16. cxd4 Bf5 17. Qb3 Qe7 18. h3 Nf6 19. Ne5 Rab8 20. g4 Be4 21. f3 Bh7 22. Rac1 Nd7 23. Nxd7 Qxd7 24. Qc3 Qd6 25. e4 dxe4 26. fxe4 Rbd8 27. Rcd1 Qe6 28. d5 cxd5 29. exd5 Qb6+ 30. Kh1 Qf2 31. Rxe8+ Rxe8 32. Rf1 Qb6 33. b3 Bg6 34. Qg3 Be4 35. Bxe4 Rxe4 36. Qf3 Re7 37. Qf5 Qd6 38. Qc8+ Kh7 39. Qf5+ Kg8 40. Rc1 g6 41. Qd3 Re5 42. Rd1 Kh7 43. Qd4 a6 44. Qf2 Re7 45. Kg2 Kg7 46. Qd4+ Kg8 47. Rd2 f6 48. Qf2 Kf7 49. Qf3 Rd7 50. Qe3 Qe5 51. Qxe5 fxe5 52. Kf3 Ke7 53. Ke4 Kd6 54. Rf2 1/2-1/2

[Event "Erfurt op Amateurs 29th"]
[Site "Erfurt"]
[Date "2019.12.28"]
[Round "4"]
[White "Hornung, Richard"]
[Black "Lorch, Stephan"]
[Result "1/2-1/2"]
[WhiteElo "1656"]
[BlackElo "1495"]
[PlyCount "86"]
[EventDate "2019.12.27"]
[EventType "swiss"]
[EventRounds "7"]
[EventCountry "GER"]
[SourceTitle "EXT 2021"]
[Source "ChessBase"]
[SourceDate "2020.10.23"]
[SourceVersion "1"]
[SourceVersionDate "2020.10.23"]
[SourceQuality "1"]

1. Nf3 Nf6 2. b3 g6 3. Bb2 Bg7 4. d4 d5 5. e3 0-0 6. Be2 Nc6 7. 0-0 e6 8. Nbd2 a6 9. c4 Ne7 10. Qc2 b6 11. cxd5 exd5 12. Ne5 Bb7 13. Rac1 Rc8 14. Qb1 c6 15. Bf3 Nd7 16. Nd3 f5 17. Nf4 Rf6 18. Ba3 Bh6 19. Bxe7 Qxe7 20. Bxd5+ cxd5 21. Rxc8+ Bxc8 22. Nxd5 Qd6 23. Nxf6+ Nxf6 24. Qc2 Bb7 25. Qc4+ Qd5 26. Qxd5+ Bxd5 27. Rc1 Bf8 28. Rc8 Kg7 29. Rc7+ Kh6 30. Nc4 Bxc4 31. bxc4 Ne4 32. Rc6 b5 33. c5 a5 34. Rc8 Kg7 35. Ra8 a4 36. Rb8 Nc3 37. a3 h5 38. Kf1 Kf7 39. Ke1 Be7 40. Rb7 Ke6 41. Rb6+ Kf7 42. Rb7 Ke6 43. Rb6+ Kf7 1/2-1/2

[Event "Stuttgart-chB int"]
[Site "Ditzingen"]
[Date "2016.05.08"]
[Round "7"]
[White "Matic, Marijo"]
[Black "Hornung, Richard"]
[Result "0-1"]
[WhiteElo "1567"]
[BlackElo "1662"]
[PlyCount "120"]
[EventDate "2016.05.05"]
[EventType "swiss"]
[EventRounds "7"]
[EventCountry "GER"]
[SourceTitle "EXT 2018"]
[Source "ChessBase"]
[SourceDate "2017.10.13"]
[SourceVersion "1"]
[SourceVersionDate "2017.10.13"]
[SourceQuality "1"]

1. d4 Nf6 2. e3 d5 3. Bd3 g6 4. c4 c6 5. Nc3 Bg7 6. Nf3 0-0 7. Qc2 a5 8. a3 Qc7 9. c5 Nfd7 10. e4 dxe4 11. Nxe4 Nf6 12. Nc3 Nd5 13. Nxd5 cxd5 14. 0-0 Nc6 15. Be3 e5 16. dxe5 Nxe5 17. Nxe5 Qxe5 18. Rab1 d4 19. Bd2 Be6 20. b4 axb4 21. Bxb4 Rfc8 22. Rfe1 Qd5 23. Be4 Qd7 24. Qd3 Rc7 25. Rbc1 Bd5 26. Rc2 Re8 27. Rce2 Rxe4 28. Rxe4 Bxe4 29. Qxe4 f5 30. Qd3 Qd5 31. Qb5 Rd7 32. Qd3 Kf7 33. h3 Bf8 34. Rc1 Rc7 35. Rc4 Bg7 36. Rc1 b6 37. Rc2 bxc5 38. Qc4 Qxc4 39. Rxc4 Bf8 40. a4 Bd6 41. Bd2 Ke6 42. a5 Ra7 43. Kf1 Kd5 44. Ra4 Ra6 45. Ke2 c4 46. Bg5 Bc7 47. g3 Rxa5 48. Rxa5+ Bxa5 49. f3 d3+ 50. Kd1 Kd4 51. Kc1 Be1 52. g4 fxg4 53. fxg4 Ke4 54. Kd1 Bc3 55. Bc1 Bd4 56. h4 c3 57. h5 gxh5 58. gxh5 c2+ 59. Ke1 Be3 60. Bxe3 Kxe3 0-1

[Event "Stuttgart-chB op"]
[Site "Ditzingen"]
[Date "2015.05.15"]
[Round "4"]
[White "Hornung, Richard"]
[Black "Meusel, Rolf"]
[Result "0-1"]
[WhiteElo "1716"]
[BlackElo "1884"]
[PlyCount "82"]
[EventDate "2015.05.17"]
[EventType "swiss"]
[EventRounds "7"]
[EventCountry "GER"]
[SourceTitle "EXT 2018"]
[Source "ChessBase"]
[SourceDate "2017.10.13"]
[SourceVersion "1"]
[SourceVersionDate "2017.10.13"]
[SourceQuality "1"]

1. Nf3 Nf6 2. c3 g6 3. d4 d5 4. g3 Bg7 5. Bg2 0-0 6. 0-0 Nbd7 7. Ne5 c6 8. f4 Ne4 9. Nd2 Ndf6 10. Nxe4 Nxe4 11. Qc2 f6 12. Nd3 Bf5 13. Qb3 Qb6 14. Qxb6 axb6 15. Nf2 Nd6 16. Re1 Ne4 17. g4 Bd7 18. h3 f5 19. Nxe4 fxe4 20. e3 b5 21. b3 c5 22. Bb2 b6 23. c4 bxc4 24. bxc4 e6 25. Reb1 Ra4 26. cxd5 exd5 27. dxc5 Bxb2 28. Rxb2 bxc5 29. Rb7 Be6 30. a3 Rf7 31. Rb6 Re7 32. Kf2 Kf7 33. Bf1 c4 34. Rc6 Rea7 35. Be2 Ke7 36. Rb6 Rxa3 37. Rab1 Rc7 38. Rb7 Rxb7 39. Rxb7+ Kd6 40. Rxh7 c3 41. Bd1 Ra2+ 0-1

[Event "Stuttgart-chB int"]
[Site "Ditzingen"]
[Date "2014.05.31"]
[Round "6"]
[White "Hornung, Richard"]
[Black "Pietzka, Martin"]
[Result "0-1"]
[WhiteElo "1734"]
[BlackElo "1805"]
[PlyCount "70"]
[EventDate "2014.05.29"]
[EventType "swiss"]
[EventRounds "7"]
[EventCountry "GER"]
[SourceTitle "EXT 2015"]
[Source "ChessBase"]
[SourceDate "2014.11.20"]
[SourceVersion "1"]
[SourceVersionDate "2014.11.20"]
[SourceQuality "1"]

1. d4 Nf6 2. Nf3 e6 3. e3 b6 4. Bd3 Bb7 5. 0-0 Be7 6. c4 0-0 7. Nbd2 d5 8. Qc2 h6 9. b3 a5 10. Bb2 Na6 11. a3 Rc8 12. Ne5 c5 13. Qd1 Bd6 14. f4 Bb8 15. Ng4 Ne4 16. Bxe4 dxe4 17. d5 f5 18. Ne5 Bxe5 19. Bxe5 exd5 20. cxd5 Bxd5 21. Qe2 Bb7 22. Rfd1 Qe8 23. Nc4 Qb5 24. Qb2 Rc7 25. Bxc7 Nxc7 26. Rd6 Nd5 27. Rd1 a4 28. R1xd5 Bxd5 29. Rxd5 Qxb3 30. Qxb3 axb3 31. Nb2 Rc8 32. Rd1 c4 33. a4 c3 34. Rb1 cxb2 35. Rxb2 Rc1+ 0-1

[Event "Stuttgart-chB int"]
[Site "Ditzingen"]
[Date "2014.05.30"]
[Round "5"]
[White "Dallinger, Moritz"]
[Black "Hornung, Richard"]
[Result "0-1"]
[WhiteElo "1544"]
[BlackElo "1734"]
[PlyCount "50"]
[EventDate "2014.05.29"]
[EventType "swiss"]
[EventRounds "7"]
[EventCountry "GER"]
[SourceTitle "EXT 2015"]
[Source "ChessBase"]
[SourceDate "2014.11.20"]
[SourceVersion "1"]
[SourceVersionDate "2014.11.20"]
[SourceQuality "1"]

1. e4 c6 2. d4 d5 3. Nc3 e6 4. Nf3 Bb4 5. Bd3 dxe4 6. Bxe4 Nf6 7. Bg5 Bxc3+ 8. bxc3 Qa5 9. Bxf6 Qxc3+ 10. Ke2 gxf6 11. Qd3 Qxd3+ 12. Bxd3 b6 13. Rhe1 Ba6 14. c4 Nd7 15. Kd2 0-0 16. a4 Rfe8 17. a5 b5 18. cxb5 Bxb5 19. Bxb5 cxb5 20. a6 Nb6 21. Kd3 Nd5 22. g3 Rec8 23. Rec1 Rxc1 24. Rxc1 Nb4+ 25. Kc3 Rc8+ 0-1

[Event "Stuttgart-chB int"]
[Site "Ditzingen"]
[Date "2013.05.09"]
[Round "1"]
[White "Bischof, Jan"]
[Black "Hornung, Richard"]
[Result "1/2-1/2"]
[WhiteElo "1574"]
[BlackElo "1767"]
[PlyCount "41"]
[EventDate "2013.05.09"]
[EventType "swiss"]
[EventRounds "7"]
[EventCountry "GER"]
[SourceTitle "EXT 2014"]
[Source "ChessBase"]
[SourceDate "2013.11.20"]
[SourceVersion "1"]
[SourceVersionDate "2013.11.20"]
[SourceQuality "1"]

1. e4 e6 2. b3 d5 3. Bb2 dxe4 4. Nc3 Nf6 5. g4 h6 6. Bg2 e5 7. h3 Bd6 8. Nxe4 Nxe4 9. Bxe4 0-0 10. Qe2 Nc6 11. Bxc6 bxc6 12. 0-0-0 Re8 13. h4 a5 14. a4 Bb7 15. g5 c5 16. Rh2 hxg5 17. hxg5 Qxg5 18. Nh3 Qf5 19. Rg1 f6 20. Qe3 Bf3 21. Qh6 1/2-1/2